000
00320nam a2200145Ia 4500
005
20251222143138.0
008
251222s9999||||xx |||||||||||||| ||spa||
020
_a
9789397584
082
_a
949.618.03/P22
100
_a
Pamuk, Orhan
245
0
_a
Estambul
250
_a
1ra.ed.
264
_b
Mondadori
942
_c
LIB
999
_c
12180
_d
12180